Statystyki dla Grammy - Album Roku

Kliknij tutaj aby rozwiązać quiz!

Ogólne statystyki

  • Ten quiz został rozwiązany 50 razy
  • Średni wynik to 7 z 54

Statystyki odpowiedzi

RokAlbumArtysta% Poprawnych
1984ThrillerMichael Jackson
80%
201824K MagicBruno Mars
71%
2010, 2016, 2021Fearless, 1989, FolkloreTaylor Swift
69%
2012, 201721, 25Adele
64%
2020When We All Fall Asleep, Where Do We Go?Billie Eilish
58%
1968Sgt. Pepper's Lonely Hearts Club Band The Beatles
42%
2014Random Access MemoriesDaft Punk
29%
1994The Bodyguard SountrackWhitney Houston
29%
1988, 2006The Joshua Tree, How to Dismantle an Atomic BombU2
27%
1960, 1966, 1967Come Dance with Me!, September of My Years, A Man and His MusicFrank Sinatra
22%
1989FaithGeorge Michael
20%
1986No Jacket Required Phil Collins
13%
1971Bridge over Troubled Water Simon & Garfunkel
13%
1974, 1975, 1977Innervisions, Fulfillingness' First Finale, Songs in the Key of LifeStevie Wonder
13%
1978Rumours Fleetwood Mac
11%
2004Speakerboxxx/
The Love Below
Outkast
11%
1979Saturday Night Fever SoundtrackBee Gees
9%
1998Time out of Mind Bob Dylan
9%
2022We AreJon Batiste
9%
1999The Miseducation of ______ ____Lauryn Hill
9%
1983____ IVToto
9%
1972Tapestry Carole King
7%
1997Falling into You Celine Dion
7%
1982Double Fantasy John Lennon &
Yoko Ono
7%
1976, 1987Still Crazy After All These Years, GracelandPaul Simon
7%
2011The Suburbs Arcade Fire
4%
1964The ______ ________ Album Barbra Streisand
4%
2015Morning PhaseBeck
4%
1970_____, _____ & _____Blood, Sweat & Tears
4%
1961The Button-Down Mind of ___ _______Bob Newhart
4%
1990Nick of TimeBonnie Raitt
4%
1969By the Time I Get to Phoenix Glen Campbell
4%
1959The Music from Peter Gunn Henry Mancini
4%
1962Judy at Carnegie Hall Judy Garland
4%
2019Golden HourKacey Musgraves
4%
1985Can't Slow Down Lionel Richie
4%
2013BabelMumford & Sons
4%
2005Genius Loves Company Ray Charles
4%
2000Supernatural Santana
4%
1965____/________Stan Getz &
João Gilberto
4%
1963The First Family Vaughn Meader
4%
1996Jagged Little Pill Alanis Morissette
2%
198052nd StreetBilly Joel
2%
1981___________ _____Christopher Cross
2%
2007Taking the Long Way Dixie Chicks
2%
1993UnpluggedEric Clapton
2%
1973The Concert for Bangla Desh George Harrison
& Friends
2%
2008River: The Joni Letters Herbie Hancock
2%
2003Come Away with Me Norah Jones
2%
1991Back on the Block Quincy Jones
2%
1992Unforgettable... with Love Natalie Cole
0%
2009Raising SandRobert Plant &
Alison Krauss
0%
2001Two Against Nature Steely Dan
0%
1995MTV UnpluggedTony Bennett
0%

Rozkład punktacji

Percentyl według liczby udzielonych odpowiedzi

Procent ludzi z każdym wynikiem

Twoja historia wyników

Nie rozwiązałeś tego quizu